Homenaje a salvador de la colina /

Guardado en:
Formato: Libro
Publicado: La Plata [eva Perón] : Talleres Gráficos Moreno, 1952
Materias:
Etiquetas: Agregar Etiqueta
Sin Etiquetas, Sea el primero en etiquetar este registro!
LEADER 00643nam a22001815a 4500
001 EHU.bham044621
003 AR-BHAM
005 20170419120514.0
008 130507s1952##################000#0#####d
082 3 4 |a 349.982 
245 0 0 |a Homenaje a salvador de la colina /  |c  Ministerio De Educación, Universidad Nacional Eva Perón 
260 |a La Plata [eva Perón] :  |b Talleres Gráficos Moreno,  |c 1952 
300 |a 310 p. 
600 1 4 |a Colina, Salvador de la 
653 |a Educación universitaria 
653 |a La plata-universidad nacional de la-historia 
653 |a Derecho argentino 
859 |a AR-BHAM  |b BIB. HUMANIDADES - General  |h 349.982  |i H752  |p 31.17  |t Ej.1